000 00676nam a2200217Ia 4500
003 OSt
005 20240918141929.0
008 220927b |||||||| |||| 00| 0 eng d
020 _a8186921575
037 _b183, 20/09/2012, Eastern Book Linkers
040 _aSDCL
_cSDCL
_beng
041 _2eng
_aeng
082 _aRxM721:g Q2
100 _aBanerjee, Aparna
_9431977
245 0 _aIntegral philosophy of Sri Aurobindo.
260 _aNew Delhi:
_bDecent Books,
_c2012.
300 _avi,152p
_ccm.
650 _aSanskrit
_9391587
942 _hRxM721:g Q2
_cTEXL
_2CC
999 _c748550
_d748550